000 00527nam a2200193Ia 4500
008 191130s2002##################000#0#eng##
020 _a9780142402702
040 _aACL
_cACL
082 _a372.677049 BRE
100 _aBrett, Jan
245 _aDaisy Comes Home
_cJan Brett
260 _aNew York, NY
_bPuffin Books
_cc2002
300 _a30 p. : col. ill. ; 26 cm.
650 _aFiction
650 _aLiterature, Language and theatre
990 _a60ae149aac10000c4187a17d70e21183
991 _a93128
999 _c254921
_d254921